World Capitals Closest to Buenos Aires - 30 Second Sprint - Statistics

General Stats
  • This quiz has been taken 13 times
  • The average score is 10 of 20
Answer Stats
km capital miles % Correct
2343 Brasília 1456
100%
206 Montevideo 128
100%
1140 Santiago 708
100%
1043 Asunción 648
91%
3141 Lima 1952
91%
5099 Caracas 3169
82%
1862 Sucre / La Paz 1157
82%
4674 Bogotá 2905
73%
4366 Quito 2713
73%
4608 Georgetown 2863
45%
4517 Paramaribo 2807
45%
5339 Panama City 3317
27%
5048 Port-of-Spain 3136
27%
5387 O{ranjestad} 3347
18%
5566 Roseau 3458
9%
5207 Saint George's 3236
9%
5318 W{illemstad} 3305
9%
5311 Bridgetown 3300
0%
5419 Castries 3367
0%
5325 Kingstown 3309
0%
No matching quizzes found
Score Distribution
Percent of People with Each Score
Percentile by Number Answered
Your Score History
You have not taken this quiz